| 000 | 01610nam a2200265Ia 4500 | ||
|---|---|---|---|
| 003 | OSt | ||
| 005 | 20210929113636.0 | ||
| 008 | 210310s1974 sp gr 000 0 spa d | ||
| 020 | _a847235220X | ||
| 040 |
_aCO-JMCR _cCO-JMCR |
||
| 041 | 0 | _aspa | |
| 082 | 0 | 4 |
_a338.947 / _bE317u _223 |
| 100 | 1 |
_aEngnell, Erik _eautor _928567 |
|
| 245 | 1 | 0 |
_aURSS. La empresa frente al estado / _cErik Egnell, Michel Peissik |
| 250 | _aPrimera edición | ||
| 260 |
_aBarcelona : _bDopesa, _c1974. |
||
| 300 |
_a224 páginas ; _c24 cm. |
||
| 505 | 0 | _aRostro de la empresa soviética. -- Propiedad de Estado y autonomía de las empresas. -- La planificación. -- El rendimiento socialista. -- El ministerio. -- Las uniones industriales. -- Los managers. -- Los trabajadores. -- El Partido. -- Los productos. -- El capital productivo. -- El rublo. -- La Ciencia. -- El mundo exterior | |
| 520 | 0 | _aHasta época reciente, las comparaciones de resultados económicos entre los sistemas capitalista y socialista, se hacían en términos de crecimiento bruto y de nivel de vida. La propia URSS, en tiempos de Kruschev, se dejó arrastrar por este juego, señalándose como objetivo el alcanzar en un determinado plazo a los Estados Unidos. Actualmente, y en particular desde que el proceso de crecimiento ha sido espectacularmente puesto en entredicho en el Oeste, se da nuevamente prioridad a la apreciación global de los sistemas. | |
| 650 | 1 | 4 |
_aUnión Soviética _96622 |
| 650 | 2 | 4 |
_aPolítica económica _940855 |
| 650 | 2 | 4 |
_aPolítica industrial _95719 |
| 700 | 1 |
_aPeissik, Michel, _eautor _940856 |
|
| 942 |
_2ddc _cBK |
||
| 999 |
_c12559 _d12559 |
||